Educar con sentido : apuntes para el aprendizaje /
Guardado en:
| Autor Principal: | |
|---|---|
| Formato: | Libro |
| Publicado: |
Buenos Aires :
Novedades educativas / Ediunc,
1995
|
| Edición: | 2a. ed. |
| Materias: | |
| Etiquetas: |
Agregar Etiqueta
Sin Etiquetas, Sea el primero en etiquetar este registro!
|
| LEADER | 00880nam a22002175a 4500 | ||
|---|---|---|---|
| 001 | CEM.cems016324 | ||
| 005 | 20160219100504.0 | ||
| 008 | 130507s1995##################000#0#####d | ||
| 003 | CEMS | ||
| 020 | |a 9879529448 | ||
| 082 | 0 | 4 | |a 371 |
| 100 | 1 | |a Prieto Castillo, Daniel | |
| 245 | 1 | 0 | |a Educar con sentido : |b apuntes para el aprendizaje / |c Daniel Prieto Castillo |
| 250 | |a 2a. ed. | ||
| 260 | |a Buenos Aires : |b Novedades educativas / Ediunc, |c 1995 | ||
| 300 | |a 95 p. | ||
| 505 | 0 | |a En torno al sentido -- El itinerario -- Desde el corazón y la piel ... hacia afuera -- Instancias del aprendizaje -- Las prácticas del aprendizaje -- La productividad pedagógica -- El juego pedagógico -- Final | |
| 653 | |a Educación | ||
| 653 | |a Aprendizaje | ||
| 859 | |a CEMS |b BIB. CEMS - Agricultura |h 371 |i P933 |p A00432.02 |t Ej.1 | ||
| 859 | |a CEMS |b BIB. CEMS - 11 de abril |h 371 |i P933a2 |p 18526.95 |t Ej.1 | ||
